Industria Legal

Bibliographic Details
Format: eBook
Language:Spanish
Published: Santiago de Chile: Industria Legal, 2020 -
Subjects:
Online Access:Acceso restringido

MARC

LEADER 00000nam a22000007a 4500
005 20201218221244.0
007 cr|||| ||||
008 201218c20209999cl n|w s|||| 0|||b1spa d
035 |a 32467 
040 |a vLex 
090 |c 11000  |d 11000 
245 0 0 |a Industria Legal  |h [Recurso electrn̤ico] / 
256 |a Servicio en ln̕ea 
260 |a Santiago de Chile:  |b Industria Legal,  |c 2020 - 
300 |a 1 recurso electrn̤ico 
310 |a Irregular 
362 |a Nð 1 (Sep. 2020) - 
506 1 |a Disponible solo en los productos indicados  |d vLex Global  |d vLex Global (Academic Edition, excluding Law Schools)  |d vLex Global (U.S. Academic Edition, Law Schools)  |d vLex Global (U.S. Academic Edition, excluding Law Schools)  |d vLex Global (Academic Edition, Law Schools) 
650 0 4 |a Derecho Civil  |z Chile 
740 0 |a vLex Revistas (Servicio en ln̕ea) 
856 4 0 |u http://vlex.com/source/industria-legal-32467  |z Acceso restringido 
942 |c REV 
999 0 |a Civil Law